El amor en solfa (Record no. 174008)

MARC details
000 -LEADER
campo de control de longitud fija 01021namaa22002051 4500
001 - NÚMERO DE CONTROL
campo de control 174008
003 - IDENTIFICADOR DE NÚMERO DE CONTROL
campo de control ES-MaACL
005 - FECHA Y HORA DE LA ÚLTIMA TRANSACCIÓN
campo de control 20250713080259.0
008 - DATOS DE LONGITUD FIJA--INFORMACIÓN GENERAL
campo de control de longitud fija 100205s1905 sp r |||| | spa d
100 1# - ENTRADA PRINCIPAL--NOMBRE DE PERSONA
Nombre de persona Álvarez Quintero, Serafín,
Fechas asociadas al nombre 1871-1938
9 (RLIN) 226443
245 13 - MENCIÓN DEL TÍTULO
Título El amor en solfa
Resto del título : segunda parte de "El Amor en el Teatro" : capricho literario en cuatro cuadros y un prólogo /
Mención de responsabilidad, etc. de Serafín y Joaquín Álvarez Quintero ; con música de Ruperto Chapí y José Serrano.
260 ## - PUBLICACIÓN, DISTRIBUCIÓN, ETC.
Lugar de publicación, distribución, etc. Madrid :
Nombre del editor, distribuidor, etc. Sociedad de Autores Españoles,
Fecha de publicación, distribución, etc. 1905 (
Fabricante R. Velasco)
300 ## - DESCRIPCIÓN FÍSICA
Extensión 41 p. ;
Dimensiones 20 cm.
500 ## - NOTA GENERAL
Nota general En port.: Estrenado en el teatro de Apolo el 8 de noviembre de 1905.
700 1# - ENTRADA AGREGADA--NOMBRE PERSONAL
Nombre de persona Álvarez Quintero, Joaquín,
Fechas asociadas al nombre 1873-1944
9 (RLIN) 20922
700 1# - ENTRADA AGREGADA--NOMBRE PERSONAL
Nombre de persona Chapí, Ruperto,
Fechas asociadas al nombre 1851-1909
9 (RLIN) 38014
700 1# - ENTRADA AGREGADA--NOMBRE PERSONAL
Nombre de persona Serrano, José,
Fechas asociadas al nombre 1873-1941
9 (RLIN) 105700
852 ## - LOCALIZACIÓN
Ubicación ES-MaACL
Número de control de estantería F-8644(3)
Nota libre .- Enc. hol.
-- .- Enc. en un vol. facticio formando parte de la col. facticia "Teatro español moderno" v. 101
Holdings
Estatus retirado Estado de pérdida Estado de daño No para préstamo Biblioteca de origen Biblioteca actual Ubicación en estantería Fecha de adquisición Fuente de adquisición Total de préstamos Signatura topográfica completa Código de barras Visto por última vez Precio de reemplazo Tipo de ítem Koha
        Biblioteca del Ateneo de Madrid Biblioteca del Ateneo de Madrid Sala Pecera Planta 2 05/02/2010     F-8644(3) 1182656 23/02/2023 23/02/2023 Libro impreso